000 00866nam a2200241Ia 4500
003 OSt
005 20220918110736.0
006 a|||||r|||| 00| 0
007 ta
008 220915b |||||||| |||| 00| 0 hin d
024 _a200687
037 _cReference Collections
040 _aARTS
_cARTS
_bhin
041 _2hin
_ahin
082 _aV2y7N02, 152M2 (RR)
100 _aदेसाई, नारायण, संपा.
245 0 _aजयप्रकाश, अनु0 काशीनाथ त्रिवेदी
246 _aJayaprakāsha, anu0 kāshīnāth trivedī
260 _aदिल्ली
_bजयप्रकाश अमृत कोश
_c1982
300 _a624पृ0
942 _hV2y7N02, 152M2 (RR)
_cREF
999 _c114414
_d114414